000 00391nam a2200145Ia 4500
008 230711s9999||||xx |||||||||||||| ||und||
041 _aENG
082 _a620
_bBR-I
100 _aBradley,Ray
245 0 _aInterfacing and robotics on the BBC micro
250 _a1st Ed.
260 _c1986
_aNew delhi
_bCBS Publishers & Distributors Pvt.Ltd
650 _aMechanical Engineering
942 _cBK
999 _c1372
_d1372